Statistics for National Parks By Picture (easy)

Click here to take the quiz!

General Stats

  • This quiz has been taken 18 times
  • The average score is 6 of 10

Answer Stats

Answer% Correct
Grand Canyon National Park
100%
Yosemite National Park
88%
Arches National Park
81%
Yellowstone National Park
75%
Great Smoky Mountains National Park
69%
Acadia National Park
50%
Zion National Park
50%
Olympic National Park
44%
Rocky Mountain National Park
44%
Grand Teton National Park
38%

Score Distribution

Percentile by Number Answered

Percent of People with Each Score

Your Score History

You have not taken this quiz